Distribución de dividendos por parte de empresas radicadas en Tierra del Fuego (Registro nro. 19669)

Detalles MARC
000 -LEADER
fixed length control field 00388 a2200121 4500
001 - CONTROL NUMBER
control field ART_37974
005 - DATE AND TIME OF LATEST TRANSACTION
control field 20260410161751.0
008 - FIXED-LENGTH DATA ELEMENTS--GENERAL INFORMATION
fixed length control field 260409a
100 1# - MAIN ENTRY--PERSONAL NAME
Personal name Volman, Mario
245 10 - TITLE STATEMENT
Title Distribución de dividendos por parte de empresas radicadas en Tierra del Fuego
700 1# - ADDED ENTRY--PERSONAL NAME
Personal name Cosentino, Mariano
773 0# - HOST ITEM ENTRY
Title Doctrina tributaria
Related parts - Nº 424 (jul. 2015)
Record control number REV4296

No hay ítems disponibles.